Complete the Card - WWE SummerSlam 2004 - Statistics

General Stats
  • This quiz has been taken 330 times
  • The average score is 18 of 21
Answer Stats
Answer % Correct
John Cena
98%
Chris Benoit
97%
Kane
97%
Randy Orton
97%
Matt Hardy
96%
Eddie Guerrero
95%
Kurt Angle
95%
Triple H
94%
Edge
93%
John Bradshaw Layfield
92%
Batista
90%
The Undertaker
90%
Booker T
87%
Chris Jericho
84%
Bubba Ray Dudley
80%
D-Von Dudley
80%
Spike Dudley
80%
Rey Mysterio
77%
Eugene
61%
Billy Kidman
50%
Paul London
50%
No matching quizzes found
Score Distribution
Percent of People with Each Score
Percentile by Number Answered
Your Score History
You have not taken this quiz